000
00314nam a22001457a 4500
008
230901b ||||| |||| 00| 0 eng d
020
_a
60610
041
_a
eng
080
_a
159.9
082
_a
159.9YAV
100
_a
25
101
_a
PSI
245
_a
FUNDAMENTALS OF PHYSICS
_c
YAVORSKY.M.B
942
_2
udc
_c
BK
999
_c
60240
_d
60240